00381nam a2200157Ia 4500008004100000082000900041100002100050245002300071250000600094260002800100300000700128600002100135630002300156700002100179730002300200090124s9999 xx 000 0 und d b3467 aRAJNEESH ACHARYA aTHE VITAL BALANCE  a1 bISHWARLAL N. SHAHc1971 a22 aRAJNEESH ACHARYA aTHE VITAL BALANCE  aRAJNEESH ACHARYA aTHE VITAL BALANCE